The Arden Shakespeare complete works / (Record no. 10689)
[ view plain ]
| 000 -LEADER | |
|---|---|
| fixed length control field | 01080nam a2200337 a 4500 |
| 001 - CONTROL NUMBER | |
| control field | 1689 |
| 003 - CONTROL NUMBER IDENTIFIER | |
| control field | BD-JhCC |
| 005 - DATE AND TIME OF LATEST TRANSACTION | |
| control field | 20180808095843.0 |
| 008 - FIXED-LENGTH DATA ELEMENTS--GENERAL INFORMATION | |
| fixed length control field | 180808s2011 enkac b 001 d eng |
| 010 ## - LIBRARY OF CONGRESS CONTROL NUMBER | |
| LC control number | 2011507125 |
| 020 ## - INTERNATIONAL STANDARD BOOK NUMBER | |
| International Standard Book Number | 9781408152010 (pbk.) |
| 020 ## - INTERNATIONAL STANDARD BOOK NUMBER | |
| International Standard Book Number | 9781408152010 |
| 035 ## - SYSTEM CONTROL NUMBER | |
| System control number | (BD-JhCC)10689 |
| 040 ## - CATALOGING SOURCE | |
| Original cataloging agency | DLC |
| Transcribing agency | DLC |
| Modifying agency | BD-JhCC |
| 042 ## - AUTHENTICATION CODE | |
| Authentication code | pcc |
| 050 00 - LIBRARY OF CONGRESS CALL NUMBER | |
| Classification number | PR2755 |
| Item number | .P76 2011 |
| 082 04 - DEWEY DECIMAL CLASSIFICATION NUMBER | |
| Classification number | 822.33 |
| Edition number | 22 |
| Item number | SHA 2011 |
| 100 1# - MAIN ENTRY--PERSONAL NAME | |
| Personal name | Shakespeare, William, |
| Dates associated with a name | 1564-1616. |
| 240 10 - UNIFORM TITLE | |
| Uniform title | Works. |
| Date of a work | 2011 |
| 245 14 - TITLE STATEMENT | |
| Title | The Arden Shakespeare complete works / |
| Statement of responsibility, etc. | edited by Richard Proudfoot, Ann Thompson and David Scott Kastan. |
| 246 30 - VARYING FORM OF TITLE | |
| Title proper/short title | Shakespeare complete works |
| 250 ## - EDITION STATEMENT | |
| Edition statement | Rev. ed. |
| 260 ## - PUBLICATION, DISTRIBUTION, ETC. | |
| Place of publication, distribution, etc. | London : |
| Name of publisher, distributor, etc. | Methuen Drama, |
| Date of publication, distribution, etc. | 2011. |
| 300 ## - PHYSICAL DESCRIPTION | |
| Extent | vii, 1373 p. : |
| Other physical details | ill., ports. ; |
| Dimensions | 26 cm. |
| 504 ## - BIBLIOGRAPHY, ETC. NOTE | |
| Bibliography, etc. note | Includes bibliographical references (p. 1339-1343) and indexes. |
| 700 1# - ADDED ENTRY--PERSONAL NAME | |
| Personal name | Proudfoot, G. R. |
| 700 1# - ADDED ENTRY--PERSONAL NAME | |
| Personal name | Thompson, Ann, |
| Dates associated with a name | 1947- |
| 700 1# - ADDED ENTRY--PERSONAL NAME | |
| Personal name | Kastan, David Scott. |
| 942 ## - ADDED ENTRY ELEMENTS (KOHA) | |
| Source of classification or shelving scheme | Dewey Decimal Classification |
| Koha item type | Reference |
| Withdrawn status | Lost status | Source of classification or shelving scheme | Damaged status | Not for loan | Home library | Current library | Shelving location | Date acquired | Cost, normal purchase price | Total Checkouts | Full call number | Barcode | Date last seen | Copy number | Price effective from | Koha item type |
|---|---|---|---|---|---|---|---|---|---|---|---|---|---|---|---|---|
| Dewey Decimal Classification | JCC Rouf Library | JCC Rouf Library | General Stacks | 08/08/2018 | 2398.00 | 822.33 SHA 2011 | 14187 | 08/08/2018 | C-1 | 08/08/2018 | Reference |